000 01145cam a2200193 4500
001 L137107
008 070314s2006 xxkbd f 000 0 eng d
035 _a(Sirsi) u137107
041 0 _aeng
050 0 4 _a630 $2 18
110 2 _aRoyal Institution of Chartered Surveyors
_bLand Consultancy Group
_94506
245 0 0 _aSpotlight on Poland
_bland group market report on eastern Europe
260 _aLondon
_bRICS
_c2006
300 _a16p.
_bill.
_c30cm.
520 _aRecommends ways to develop the presence of the RICS Land Group in Poland. Describes the situation and economy in Poland. Concludes that RICS opportunities do not occur in Poland as they do in the UK. Land management, are still recovering from the communist era. Suggests that RICS may find better opportunities by offering cross-faculty skills. Identifies a cross-faculty role to play in making land information more available to all levels of government and commercial decision making. Recommends that RICS engages to encourage improvement of land management and environmental concerns.
651 4 _aPOLAND
690 _aENVIRONMENTAL AND LAND CONSULTANCY
942 _n0
_2ddc
999 _c106640
_d106640